| 000 | 03128ncm0a2200529 4500 | ||
|---|---|---|---|
| 001 | RU\NLR\ONIZ\292729 | ||
| 005 | 20250625054714.0 | ||
| 013 | _a979-0-900307-90-3 | ||
| 013 |
_a979-0-706451-06-0 _bЧ. 2 |
||
| 021 |
_aRU _b2022-000252 _92022-НО-П-17 |
||
| 035 | _a(NLR Aleph) 016362449 | ||
| 090 |
_a13156032 _c13156032 |
||
| 100 | _a20220917d2022 |||y0rusy50 ca | ||
| 101 | 0 |
_arus _achu |
|
| 102 | _aRU | ||
| 125 | _azy | ||
| 128 |
_ascs _acfr _acc |
||
| 145 | 0 | _aa | |
| 200 | 1 |
_aПеснопения Божественной литургии _bНоты _hЧ. 2 _iЛитургия верных _fсоставители: Т. И. Королева, И. А. Виницкая, Н. С. Марьясина |
|
| 203 |
_aМузыка _bзнаковая _bвизуальная _cнепосредственная |
||
| 205 | _a2-е изд., исправленное и дополненное | ||
| 210 |
_aМосква _cПСТГУ _d2022 |
||
| 215 |
_a87, [1] с. _cил. _d29 см |
||
| 313 | _aСистематизация документа проведена по изданию - Методика классифицирования музыкальных произведений (нотных изданий) по таблицам Библиотечно-библиографических классификаций : метод. рекомендации / Гос. б-ка СССР им. В.И. Ленина.- М., 1977. Индексу ББК методических рекомендаций присваивается код ББК для научных библиотек - LBC/SL | ||
| 606 | 1 |
_aЦерковное пение православное _yРоссия _jНоты _2nlr_sh |
|
| 606 | 1 |
_aДуховная музыка русская _jНоты _2nlr_sh |
|
| 606 | 1 |
_aМузыкальные произведения для смешанного хора без сопровождения _yРоссия _jНоты _2nlr_sh |
|
| 608 |
_aЛитургия св. Иоанна Златоуста _jНоты _2nlr_sh |
||
| 608 |
_aЛитургия св. Василия Великого _yРоссия _jНоты _2nlr_sh |
||
| 686 | 0 | _aЩ99(28) | |
| 702 | 1 |
_9z02790 _aКоролева _bТ. И. _gТатьяна Ивановна _4220 |
|
| 702 | 1 |
_9z03790 _aВиницкая _bИ. А. _gИрина Анатольевна _4220 _7ca |
|
| 702 | 1 |
_9z04790 _aМарьясина _bН. С. _gНонна Семеновна _4220 _7ca |
|
| 712 | 0 | 2 |
_aПравославный Свято-Тихоновский гуманитарный университет _4570 |
| 712 | 0 | 2 |
_aФакультет церковного пения _4570 _7ba |
| 790 | 1 |
_9z02702 _aKoroleva _bT. I. _gTat`jana Ivanovna _4220 _7ba |
|
| 790 | 1 |
_9z03702 _aVinickaja _bI. A. _gIrina Anatol`evna _4220 _7ba |
|
| 790 | 1 |
_9z04702 _aMar`jasina _bN. S. _gNonna Semjonovna _4220 _7ba |
|
| 801 | 0 |
_aRU _bNLR _c20220917 _gPSBO |
|
| 801 | 1 |
_aRU _bNLR _c20220917 _2rusmarc |
|
| 801 | 2 |
_aRU _bNLR _c20230427 |
|
| 852 |
_aNLR _bМ _jК-3/31352(2) _pМОЭ 46545 _t1 |
||
| 852 |
_aNLR _bМ _jК-3/31352(2) _pМОЭ 46546 _t2 |
||
| 942 | _cSCORE | ||
| 980 | _aNB | ||
| 980 | _aONIZ | ||